[Event "Zudov Memorial 10th"]
[Site "Nizhnij Tagil"]
[Date "2014.09.19"]
[Round "9"]
[White "Lupynin, Viacheslav"]
[Black "Povodyr, Alexander"]
[Result "1-0"]
[WhiteElo "2031"]
[BlackElo "1811"]
[PlyCount "55"]
[EventDate "2014.09.11"]
[EventType "swiss"]
[EventRounds "9"]
[EventCountry "RUS"]
[SourceTitle "CBM 162 Extra"]
[Source "ChessBase"]
[SourceDate "2014.10.17"]
[SourceVersion "1"]
[SourceVersionDate "2014.10.17"]
[SourceQuality "1"]

1. e4 e5 2. Nf3 Nc6 3. d4 exd4 4. Nxd4 Nf6 5. Nxc6 bxc6 6. e5 Nd5 7. c4 Ne7 8. Bg5 h6 9. Bh4 g5 10. Bg3 Nf5 11. Bd3 Nxg3 12. hxg3 Bg7 13. 0-0 Kf8 14. f4 Qe7 15. Nc3 gxf4 16. gxf4 Qc5+ 17. Kh1 h5 18. Qf3 a5 19. Rae1 a4 20. Qe2 Ra5 21. Ne4 Qe7 22. Qd2 Qh4+ 23. Kg1 Ra8 24. Ng5 d6 25. Qe3 Bh6 26. exd6 Bxg5 27. fxg5 Qg4 28. Qe7+ 1-0

[Event "Zudov Memorial 10th"]
[Site "Nizhnij Tagil"]
[Date "2014.09.18"]
[Round "8"]
[White "Povodyr, Alexander"]
[Black "Goganova, Yana"]
[Result "1/2-1/2"]
[WhiteElo "1811"]
[BlackElo "1972"]
[PlyCount "129"]
[EventDate "2014.09.11"]
[EventType "swiss"]
[EventRounds "9"]
[EventCountry "RUS"]
[SourceTitle "CBM 162 Extra"]
[Source "ChessBase"]
[SourceDate "2014.10.17"]
[SourceVersion "1"]
[SourceVersionDate "2014.10.17"]
[SourceQuality "1"]

1. d4 Nf6 2. Nf3 e6 3. c4 b6 4. Nc3 Bb7 5. Qd3 Bb4 6. Bd2 0-0 7. a3 Bxc3 8. Bxc3 Ne4 9. e3 d6 10. Be2 Nd7 11. 0-0 Ndf6 12. Be1 Qe7 13. h3 c5 14. Rc1 Rfd8 15. Qb1 Ba6 16. b4 Rac8 17. Nd2 d5 18. Nxe4 Nxe4 19. f3 Nd6 20. b5 Bb7 21. dxc5 bxc5 22. Bd3 h6 23. a4 dxc4 24. Bxc4 Nf5 25. e4 Nd4 26. Qb2 Qf6 27. Qf2 e5 28. Bc3 Rd7 29. Ba5 Qg5 30. Kh1 Rd6 31. Bd2 Qg6 32. Be3 Rcd8 33. Rfd1 Rf6 34. Bf1 Rc8 35. Rc4 Bxe4 36. Bxd4 exd4 37. Rdxd4 Bf5 38. Rd5 Be6 39. Rcxc5 Re8 40. Re5 Rf4 41. Qd2 Rxa4 42. Kh2 Qf6 43. Qe1 Qe7 44. Rc6 Qd8 45. Bc4 Bd7 46. Rcc5 Qb8 47. f4 Rxe5 48. fxe5 Qf8 49. Qf2 Be6 50. Bxe6 fxe6 51. Qc2 Qf4+ 52. g3 Qe4 53. Qxe4 Rxe4 54. Kg2 Rb4 55. Kf3 Kh7 56. h4 h5 57. Rc6 Kg6 58. Rxe6+ Kf5 59. Re7 Rb3+ 60. Kg2 g6 61. Rg7 Rxb5 62. e6 Re5 63. Rxa7 Kxe6 64. Ra6+ Kf5 65. Kf3 1/2-1/2

[Event "Zudov Memorial 10th"]
[Site "Nizhnij Tagil"]
[Date "2014.09.15"]
[Round "5"]
[White "Shishkin, Mikhail"]
[Black "Povodyr, Alexander"]
[Result "0-1"]
[WhiteElo "1448"]
[BlackElo "1811"]
[PlyCount "74"]
[EventDate "2014.09.11"]
[EventType "swiss"]
[EventRounds "9"]
[EventCountry "RUS"]
[SourceTitle "CBM 162 Extra"]
[Source "ChessBase"]
[SourceDate "2014.10.17"]
[SourceVersion "1"]
[SourceVersionDate "2014.10.17"]
[SourceQuality "1"]

1. d4 Nf6 2. c4 e6 3. Nc3 Bb4 4. Bd2 0-0 5. Nf3 b6 6. a3 Be7 7. e4 Bb7 8. e5 Ne4 9. Nxe4 Bxe4 10. Be2 d5 11. Bc3 f5 12. 0-0 g5 13. Nd2 f4 14. f3 Bg6 15. cxd5 exd5 16. b4 Bf5 17. Rc1 Be6 18. Bd3 Nd7 19. Bb2 c5 20. Qc2 Rf7 21. bxc5 bxc5 22. Qa4 Qb6 23. Rb1 c4 24. Bc3 Qc7 25. Bc2 Nb6 26. Qa5 Bd8 27. Rb2 Qc8 28. Rb5 Bd7 29. Rxd5 Nxd5 30. Qxd5 Be6 31. Qc5 Rc7 32. Qa5 Rc6 33. Qa4 Ra6 34. Qe8+ Kg7 35. Bb4 Bg8 36. Qh5 Rh6 37. Qg4 Be6 0-1

[Event "Nizhnij Tagil City-ch"]
[Site "Nizhnij Tagil"]
[Date "2007.12.17"]
[Round "11"]
[White "Sufiev, Rinat"]
[Black "Povodyr, Alexander"]
[Result "1-0"]
[WhiteElo "2183"]
[BlackElo "1928"]
[PlyCount "79"]
[EventDate "2007.11.26"]
[EventType "tourn"]
[EventRounds "13"]
[EventCountry "RUS"]
[SourceTitle "EXT 2009"]
[Source "ChessBase"]
[SourceDate "2008.11.26"]
[SourceVersion "1"]
[SourceVersionDate "2008.11.26"]
[SourceQuality "1"]

1. Nf3 Nf6 2. c4 e6 3. g3 b6 4. Bg2 Bb7 5. 0-0 Be7 6. Nc3 0-0 7. Re1 d5 8. cxd5 exd5 9. Nh4 Ne4 10. Nf5 Bf6 11. Nxe4 dxe4 12. d3 Re8 13. dxe4 Bxe4 14. Qxd8 Bxd8 15. Bf4 g5 16. Be3 Bxg2 17. Kxg2 Bf6 18. Rad1 a5 19. Rd5 h5 20. Bd4 Bxd4 21. Nxd4 f6 22. h4 g4 23. Rxh5 Re5 24. Rxe5 fxe5 25. Nf5 a4 26. Nh6+ Kg7 27. Nxg4 Ra5 28. Rd1 Kg6 29. e4 Rc5 30. Rd8 Nc6 31. Rg8+ Kf7 32. Rg5 Rc2 33. h5 Rd2 34. h6 Rd8 35. Nxe5+ Nxe5 36. Rxe5 Kg6 37. Re6+ Kh7 38. g4 Rd2 39. g5 Rxb2 40. Re7+ 1-0

[Event "Nizhnij Tagil City-ch"]
[Site "Nizhnij Tagil"]
[Date "2007.11.28"]
[Round "3"]
[White "Dashevsky, Sergey"]
[Black "Povodyr, Alexander"]
[Result "1-0"]
[WhiteElo "2268"]
[BlackElo "1928"]
[PlyCount "55"]
[EventDate "2007.11.26"]
[EventType "tourn"]
[EventRounds "13"]
[EventCountry "RUS"]
[SourceTitle "EXT 2009"]
[Source "ChessBase"]
[SourceDate "2008.11.26"]
[SourceVersion "1"]
[SourceVersionDate "2008.11.26"]
[SourceQuality "1"]

1. e4 e5 2. Nf3 d6 3. d4 exd4 4. Nxd4 Nf6 5. Nc3 Be7 6. f3 c5 7. Bb5+ Kf8 8. Nde2 a6 9. Bc4 b5 10. Bd5 Ra7 11. a3 Nxd5 12. Nxd5 Nc6 13. 0-0 f6 14. Bf4 Ne5 15. Bg3 h5 16. f4 h4 17. fxe5 hxg3 18. Nxg3 dxe5 19. Nf5 Bxf5 20. Rxf5 c4 21. Qg4 Bc5+ 22. Kh1 Rf7 23. h3 a5 24. c3 g5 25. Rd1 Rh4 26. Nxf6 Qd3 27. Rxd3 Rxg4 28. Rd8+ 1-0

[Event "Gornozavodsk-ch 8th okrug op"]
[Site "Nizhnij Tagil"]
[Date "2007.07.27"]
[Round "4"]
[White "Povodyr, Alexander"]
[Black "Dubov, Anatoly"]
[Result "0-1"]
[WhiteElo "1969"]
[BlackElo "2164"]
[PlyCount "48"]
[EventDate "2007.07.24"]
[EventType "swiss"]
[EventRounds "9"]
[EventCountry "RUS"]
[SourceTitle "EXT 2022"]
[Source "ChessBase"]
[SourceDate "2021.10.06"]
[SourceVersion "1"]
[SourceVersionDate "2021.10.06"]
[SourceQuality "1"]

1. c4 Nf6 2. d4 e6 3. Nc3 Bb4 4. Qb3 Bxc3+ 5. Qxc3 0-0 6. Bg5 h6 7. Bh4 b6 8. f3 d5 9. b3 Nbd7 10. Bf2 c5 11. e3 cxd4 12. exd4 e5 13. dxe5 Nxe5 14. 0-0-0 Qc7 15. f4 Ne4 16. Qd4 Nxf2 17. Qxf2 Ng4 18. Qf3 dxc4 19. bxc4 Qc5 20. Nh3 Be6 21. Qe4 Ne3 22. Rd4 Qa3+ 23. Kd2 Nf5 24. Bd3 Qb2+ 0-1